[Event "Najdorf Memorial"]
[Site "Warsaw POL"]
[Date "2021.07.15"]
[Round "6.9"]
[White "Chatalbashev, Boris"]
[Black "Chylewski, Patryk"]
[Result "1/2-1/2"]
[WhiteElo "2530"]
[BlackElo "2290"]
[EventDate "2021.07.10"]
[PlyCount "158"]
[LiveChessVersion "1.4.8"]

1.c4 {[%clk 1:30:57]} 1...e6 {[%clk 1:29:29]} 2.Nf3 {[%clk 1:30:57]} 2...Nf6
{[%clk 1:29:39]} 3.Nc3 {[%clk 1:29:58]} 3...Bb4 {[%clk 1:29:38]} 4.g4 {[%clk
1:27:37]} 4...h6 {[%clk 1:24:50]} 5.Rg1 {[%clk 1:26:00]} 5...b6 {[%clk 1:23:50]}
6.d3 {[%clk 1:16:38]} 6...Nc6 {[%clk 1:09:26]} 7.e4 {[%clk 1:10:10]} 7...d5
{[%clk 1:08:53]} 8.e5 {[%clk 1:09:20]} 8...d4 {[%clk 1:04:30]} 9.a3 {[%clk
1:07:37]} 9...dxc3 {[%clk 0:47:17]} 10.axb4 {[%clk 1:07:37]} 10...Nd7 {[%clk
0:46:49]} 11.bxc3 {[%clk 1:01:46]} 11...Ndxe5 {[%clk 0:39:58]} 12.Nxe5 {[%clk
1:01:53]} 12...Nxe5 {[%clk 0:40:21]} 13.d4 {[%clk 1:02:06]} 13...Nc6 {[%clk
0:37:55]} 14.Bg2 {[%clk 0:41:11]} 14...Bb7 {[%clk 0:37:35]} 15.Be4 {[%clk
0:37:17]} 15...Qc8 {[%clk 0:31:31]} 16.Qf3 {[%clk 0:35:26]} 16...Nd8 {[%clk
0:31:19]} 17.d5 {[%clk 0:35:22]} 17...c6 {[%clk 0:30:13]} 18.d6 {[%clk 0:29:07]}
18...c5 {[%clk 0:30:13]} 19.bxc5 {[%clk 0:24:39]} 19...bxc5 {[%clk 0:29:44]}
20.g5 {[%clk 0:23:01]} 20...h5 {[%clk 0:29:36]} 21.g6 {[%clk 0:20:11]} 21...f6
{[%clk 0:27:48]} 22.Be3 {[%clk 0:20:27]} 22...Bxe4 {[%clk 0:21:53]} 23.Qxe4
{[%clk 0:20:54]} 23...Qc6 {[%clk 0:21:47]} 24.Qxc6+ {[%clk 0:17:36]} 24...Nxc6
{[%clk 0:22:12]} 25.Bxc5 {[%clk 0:17:49]} 25...Kd7 {[%clk 0:21:21]} 26.Ke2
{[%clk 0:18:12]} 26...Rhb8 {[%clk 0:19:31]} 27.Rgb1 {[%clk 0:18:38]} 27...Rxb1
{[%clk 0:19:34]} 28.Rxb1 {[%clk 0:19:02]} 28...Rb8 {[%clk 0:19:40]} 29.Rxb8
{[%clk 0:13:24]} 29...Nxb8 {[%clk 0:20:05]} 30.f4 {[%clk 0:11:50]} 30...Nc6
{[%clk 0:18:02]} 31.Kd3 {[%clk 0:11:08]} 31...a6 {[%clk 0:17:12]} 32.Ba3 {[%clk
0:09:41]} 32...Nb8 {[%clk 0:16:56]} 33.Ke4 {[%clk 0:05:54]} 33...f5+ {[%clk
0:14:15]} 34.Kf3 {[%clk 0:03:41]} 34...Nc6 {[%clk 0:10:31]} 35.c5 {[%clk
0:03:57]} 35...e5 {[%clk 0:08:16]} 36.fxe5 {[%clk 0:02:29]} 36...Nxe5+ {[%clk
0:08:41]} 37.Kf4 {[%clk 0:02:55]} 37...Ke6 {[%clk 0:04:20]} 38.Kg5 {[%clk
0:02:28]} 38...h4 {[%clk 0:03:35]} 39.c6 {[%clk 0:01:40]} 39...Nxc6 {[%clk
0:03:03]} 40.Kxh4 {[%clk 0:31:00]} 40...Ne5 {[%clk 0:31:03]} 41.Kg5 {[%clk
0:30:31]} 41...a5 {[%clk 0:19:36]} 42.h4 {[%clk 0:28:05]} 42...Nf3+ {[%clk
0:18:26]} 43.Kh5 {[%clk 0:27:35]} 43...Ne5 {[%clk 0:15:27]} 44.d7 {[%clk
0:23:07]} 44...Nxd7 {[%clk 0:13:15]} 45.Kg5 {[%clk 0:23:04]} 45...Ke5 {[%clk
0:03:16]} 46.Bc1 {[%clk 0:11:13]} 46...Nf6 {[%clk 0:02:56]} 47.h5 {[%clk
0:11:24]} 47...Ne4+ {[%clk 0:03:07]} 48.Kh4 {[%clk 0:11:48]} 48...f4 {[%clk
0:02:22]} 49.Kg4 {[%clk 0:03:09]} 49...Nf6+ {[%clk 0:02:42]} 50.Kf3 {[%clk
0:02:17]} 50...Nxh5 {[%clk 0:02:55]} 51.c4 {[%clk 0:02:46]} 51...Nf6 {[%clk
0:01:07]} 52.Bxf4+ {[%clk 0:01:21]} 52...Kf5 {[%clk 0:00:49]} 53.c5 {[%clk
0:01:35]} 53...Kxg6 {[%clk 0:00:46]} 54.c6 {[%clk 0:02:03]} 54...Nd5 {[%clk
0:00:40]} 55.c7 {[%clk 0:02:06]} 55...Ne7 {[%clk 0:00:35]} 56.Ke4 {[%clk
0:01:48]} 56...Kf6 {[%clk 0:00:48]} 57.Be5+ {[%clk 0:01:53]} 57...Kf7 {[%clk
0:00:48]} 58.Kd3 {[%clk 0:01:50]} 58...g5 {[%clk 0:00:41]} 59.Kc4 {[%clk
0:01:49]} 59...Ke6 {[%clk 0:01:06]} 60.Bh2 {[%clk 0:01:50]} 60...Kd7 {[%clk
0:00:55]} 61.Kb5 {[%clk 0:02:07]} 61...Nd5 {[%clk 0:00:59]} 62.Kxa5 {[%clk
0:02:20]} 62...Nxc7 {[%clk 0:01:24]} 63.Kb4 {[%clk 0:02:43]} 63...Nd5+ {[%clk
0:01:42]} 64.Kc4 {[%clk 0:02:56]} 64...Ke6 {[%clk 0:02:07]} 65.Kd4 {[%clk
0:02:57]} 65...Nf6 {[%clk 0:02:25]} 66.Bc7 {[%clk 0:01:10]} 66...Kf5 {[%clk
0:02:50]} 67.Bd8 {[%clk 0:01:09]} 67...g4 {[%clk 0:02:34]} 68.Ke3 {[%clk
0:01:35]} 68...Nd5+ {[%clk 0:02:20]} 69.Kf2 {[%clk 0:02:00]} 69...Kf4 {[%clk
0:02:21]} 70.Bh4 {[%clk 0:02:06]} 70...Ne3 {[%clk 0:02:25]} 71.Bg3+ {[%clk
0:02:26]} 71...Ke4 {[%clk 0:02:51]} 72.Bc7 {[%clk 0:02:42]} 72...Nd5 {[%clk
0:03:12]} 73.Kg3 {[%clk 0:02:55]} 73...Kf5 {[%clk 0:03:38]} 74.Bb8 {[%clk
0:02:48]} 74...Nf6 {[%clk 0:04:01]} 75.Bc7 {[%clk 0:03:01]} 75...Ne4+ {[%clk
0:04:24]} 76.Kg2 {[%clk 0:03:11]} 76...Kg5 {[%clk 0:04:49]} 77.Bd8+ {[%clk
0:03:29]} 77...Kf4 {[%clk 0:05:03]} 78.Bc7+ {[%clk 0:03:54]} 78...Kf5 {[%clk
0:05:28]} 79.Bb8 {[%clk 0:04:06]} 79...Kg5 1/2-1/2

[Event "Najdorf Memorial"]
[Site "Warsaw POL"]
[Date "2021.07.15"]
[Round "6.10"]
[White "Luberanski, Jakub"]
[Black "Gumularz, Szymon"]
[Result "0-1"]
[WhiteElo "2274"]
[BlackElo "2515"]
[EventDate "2021.07.10"]
[PlyCount "90"]
[LiveChessVersion "1.4.8"]

1.d4 {[%clk 1:30:54]} 1...d6 {[%clk 1:30:10]} 2.Nf3 {[%clk 1:31:21]} 2...Nf6
{[%clk 1:29:59]} 3.c4 {[%clk 1:31:47]} 3...Nbd7 {[%clk 1:30:07]} 4.Nc3 {[%clk
1:31:56]} 4...e5 {[%clk 1:30:28]} 5.e4 {[%clk 1:32:06]} 5...Be7 {[%clk 1:30:50]}
6.Be2 {[%clk 1:32:04]} 6...O-O {[%clk 1:31:12]} 7.O-O {[%clk 1:32:29]} 7...c6
{[%clk 1:31:38]} 8.Re1 {[%clk 1:31:09]} 8...a6 {[%clk 1:31:56]} 9.Bf1 {[%clk
1:30:35]} 9...Re8 {[%clk 1:31:54]} 10.d5 {[%clk 1:27:23]} 10...cxd5 {[%clk
1:29:55]} 11.cxd5 {[%clk 1:27:32]} 11...b5 {[%clk 1:29:01]} 12.a3 {[%clk
1:26:36]} 12...Bb7 {[%clk 1:28:25]} 13.b4 {[%clk 1:20:17]} 13...Qb8 {[%clk
1:23:19]} 14.Bb2 {[%clk 1:12:08]} 14...Rc8 {[%clk 1:22:51]} 15.Nd2 {[%clk
1:11:11]} 15...Bd8 {[%clk 0:41:57]} 16.a4 {[%clk 0:56:43]} 16...bxa4 {[%clk
0:34:04]} 17.Nxa4 {[%clk 0:56:21]} 17...Ne8 {[%clk 0:25:40]} 18.Nc4 {[%clk
0:43:41]} 18...f5 {[%clk 0:22:56]} 19.Qh5 {[%clk 0:36:49]} 19...g6 {[%clk
0:20:23]} 20.Qh3 {[%clk 0:37:09]} 20...Nef6 {[%clk 0:14:19]} 21.exf5 {[%clk
0:32:55]} 21...Bxd5 {[%clk 0:12:34]} 22.fxg6 {[%clk 0:21:32]} 22...Rxc4 {[%clk
0:11:51]} 23.Bxc4 {[%clk 0:21:13]} 23...Bxc4 {[%clk 0:12:17]} 24.gxh7+ {[%clk
0:19:07]} 24...Kh8 {[%clk 0:12:39]} 25.f4 {[%clk 0:15:36]} 25...Qxb4 {[%clk
0:09:19]} 26.fxe5 {[%clk 0:15:15]} 26...dxe5 {[%clk 0:09:42]} 27.Kh1 {[%clk
0:11:39]} 27...Bb5 {[%clk 0:08:08]} 28.Rxe5 {[%clk 0:09:05]} 28...Nxe5 {[%clk
0:07:35]} 29.Bxe5 {[%clk 0:09:31]} 29...Ra7 {[%clk 0:02:40]} 30.Rd1 {[%clk
0:06:57]} 30...Rd7 {[%clk 0:02:48]} 31.Rc1 {[%clk 0:06:50]} 31...Bxa4 {[%clk
0:01:42]} 32.Qe6 {[%clk 0:06:34]} 32...Qf8 {[%clk 0:01:51]} 33.g4 {[%clk
0:06:39]} 33...Rd1+ {[%clk 0:00:51]} 34.Rxd1 {[%clk 0:06:55]} 34...Bxd1 {[%clk
0:01:19]} 35.g5 {[%clk 0:06:53]} 35...Bf3+ {[%clk 0:00:43]} 36.Kg1 {[%clk
0:07:19]} 36...Kxh7 {[%clk 0:00:37]} 37.Qf5+ {[%clk 0:06:22]} 37...Kg8 {[%clk
0:01:00]} 38.gxf6 {[%clk 0:05:32]} 38...Qc5+ {[%clk 0:00:53]} 39.Kf1 {[%clk
0:05:58]} 39...Qb5+ {[%clk 0:01:02]} 40.Kf2 {[%clk 0:36:18]} 40...Qe2+ {[%clk
0:31:25]} 41.Kg3 {[%clk 0:36:39]} 41...Qg2+ {[%clk 0:25:06]} 42.Kf4 {[%clk
0:32:44]} 42...Bd5 {[%clk 0:25:15]} 43.Qc8 {[%clk 0:21:03]} 43...Qe4+ {[%clk
0:25:15]} 44.Kg3 {[%clk 0:21:24]} 44...Qxe5+ {[%clk 0:25:32]} 45.Kf2 {[%clk
0:21:45]} 45...Qxf6+ {[%clk 0:25:06]} 0-1

[Event "Najdorf Memorial"]
[Site "Warsaw POL"]
[Date "2021.07.15"]
[Round "6.11"]
[White "Kanarek, Marcel"]
[Black "Zochowski, Kacper"]
[Result "1-0"]
[WhiteElo "2498"]
[BlackElo "2262"]
[EventDate "2021.07.10"]
[PlyCount "99"]
[LiveChessVersion "1.4.8"]

1.d4 {[%clk 1:30:56]} 1...g6 {[%clk 1:20:06]} 2.c4 {[%clk 1:28:31]} 2...Bg7
{[%clk 1:20:03]} 3.Nc3 {[%clk 1:28:46]} 3...d6 {[%clk 1:20:15]} 4.e4 {[%clk
1:23:09]} 4...e5 {[%clk 1:20:26]} 5.Nf3 {[%clk 1:23:29]} 5...Nc6 {[%clk
1:20:19]} 6.d5 {[%clk 1:19:36]} 6...Nd4 {[%clk 1:18:34]} 7.Be3 {[%clk 0:36:06]}
7...Bg4 {[%clk 1:08:25]} 8.Be2 {[%clk 0:36:34]} 8...Nxe2 {[%clk 1:05:46]}
9.Qxe2 Ne7 10.h3 Bd7 11.Nd2 f5 12.f3 f4 13.Bf2 O-O 14.c5 h6 15.Nc4 Rf6 16.b4 g5
17.b5 b6 18.c6 Bc8 19.a4 a5 20.Nb1 h5 21.Nbd2 g4 22.hxg4 hxg4 23.Nxb6 cxb6
24.Nc4 Rb8 25.Rc1 Qc7 26.Bxb6 Rxb6 27.Nxb6 Qxb6 28.Qf2 Qb8 29.b6 Rf8 30.b7 Bxb7
31.Rb1 Bxc6 32.Rxb8 Rxb8 33.Qa7 Rb1+ 34.Kd2 Rxh1 35.dxc6 Nxc6 36.Qa8+ Kh7
37.Qxc6 Rh2 38.fxg4 Rxg2+ 39.Ke1 Rxg4 40.Qxd6 f3 41.Kf2 Rf4 42.Qc7 Kg6 43.Qxa5
Bf6 44.Qa6 Kh5 45.Qe6 Bh4+ 46.Kf1 f2 47.Qxe5+ Kg4 48.a5 Rf6 49.Qf5+ Rxf5
50.exf5 1-0

[Event "Najdorf Memorial"]
[Site "Warsaw POL"]
[Date "2021.07.15"]
[Round "6.12"]
[White "Baum, Jonasz"]
[Black "Kjartansson, Gudmundur"]
[Result "1/2-1/2"]
[WhiteElo "2260"]
[BlackElo "2496"]
[EventDate "2021.07.10"]
[PlyCount "80"]
[LiveChessVersion "1.4.8"]

1.d4 {[%clk 1:30:57]} 1...d6 {[%clk 1:30:43]} 2.e4 {[%clk 1:30:44]} 2...Nf6
{[%clk 1:30:45]} 3.Nc3 {[%clk 1:30:59]} 3...g6 {[%clk 1:31:06]} 4.Be3 {[%clk
1:31:00]} 4...a6 {[%clk 1:29:37]} 5.h3 {[%clk 1:27:55]} 5...b5 {[%clk 1:28:19]}
6.e5 {[%clk 1:13:18]} 6...Nfd7 {[%clk 1:27:52]} 7.Qf3 {[%clk 1:00:06]} 7...c6
{[%clk 1:26:39]} 8.exd6 {[%clk 0:57:05]} 8...exd6 {[%clk 1:25:53]} 9.O-O-O
{[%clk 0:57:00]} 9...Bg7 {[%clk 1:22:18]} 10.Ne4 {[%clk 0:52:33]} 10...Nf6
{[%clk 1:21:03]} 11.Bg5 {[%clk 0:47:45]} 11...Bf5 {[%clk 1:18:30]} 12.Nxf6+
{[%clk 0:46:51]} 12...Bxf6 {[%clk 1:18:53]} 13.Re1+ {[%clk 0:46:21]} 13...Kf8
{[%clk 1:12:07]} 14.Bxf6 {[%clk 0:42:46]} 14...Qxf6 {[%clk 1:12:31]} 15.g4
{[%clk 0:33:17]} 15...Qg5+ {[%clk 1:12:44]} 16.Qe3 {[%clk 0:33:11]} 16...Qxe3+
{[%clk 1:13:00]} 17.Rxe3 {[%clk 0:33:36]} 17...Be6 {[%clk 1:12:47]} 18.Bg2
{[%clk 0:33:47]} 18...h5 {[%clk 1:12:50]} 19.g5 {[%clk 0:32:45]} 19...Ra7
{[%clk 1:06:40]} 20.Ne2 {[%clk 0:32:17]} 20...Re7 {[%clk 1:06:27]} 21.Re1
{[%clk 0:29:00]} 21...Bd7 {[%clk 1:05:40]} 22.Rxe7 {[%clk 0:19:37]} 22...Kxe7
{[%clk 1:05:51]} 23.Nc3+ {[%clk 0:19:17]} 23...Kd8 {[%clk 1:05:48]} 24.Ne4
{[%clk 0:18:21]} 24...Re8 {[%clk 1:05:23]} 25.Re3 {[%clk 0:18:22]} 25...Kc7
{[%clk 1:04:44]} 26.Nf6 {[%clk 0:16:22]} 26...Rxe3 {[%clk 1:04:28]} 27.fxe3
{[%clk 0:16:50]} 27...Be6 {[%clk 0:52:22]} 28.h4 {[%clk 0:16:18]} 28...d5
{[%clk 0:39:32]} 29.Kd2 {[%clk 0:14:21]} 29...Nd7 {[%clk 0:35:48]} 30.Nxd7
{[%clk 0:11:14]} 30...Kxd7 {[%clk 0:36:07]} 31.e4 {[%clk 0:08:14]} 31...Ke7
{[%clk 0:33:46]} 32.e5 {[%clk 0:07:32]} 32...a5 {[%clk 0:29:13]} 33.a3 {[%clk
0:06:40]} 33...Kd7 {[%clk 0:26:11]} 34.b4 {[%clk 0:05:39]} 34...axb4 {[%clk
0:26:34]} 35.axb4 {[%clk 0:06:06]} 35...Bg4 {[%clk 0:26:50]} 36.Ke3 {[%clk
0:06:01]} 36...Ke6 {[%clk 0:27:03]} 37.Kf4 {[%clk 0:06:14]} 37...Bf5 {[%clk
0:27:28]} 38.c3 {[%clk 0:06:37]} 38...Ke7 {[%clk 0:27:44]} 39.Bf1 {[%clk
0:06:55]} 39...Ke6 {[%clk 0:28:10]} 40.Bg2 {[%clk 0:37:21]} 40...Ke7 {[%clk
0:58:35]} 1/2-1/2

[Event "Najdorf Memorial"]
[Site "Warsaw POL"]
[Date "2021.07.15"]
[Round "6.13"]
[White "Licznerski, Lukasz"]
[Black "Bednarczyk, Damian"]
[Result "1-0"]
[WhiteElo "2400"]
[BlackElo "2247"]
[EventDate "2021.07.10"]
[PlyCount "69"]
[LiveChessVersion "1.4.8"]

1.e4 {[%clk 1:21:26]} 1...e5 {[%clk 1:30:16]} 2.Nf3 {[%clk 1:21:24]} 2...Nc6
{[%clk 1:30:40]} 3.Bb5 {[%clk 1:21:03]} 3...Nge7 {[%clk 1:31:03]} 4.O-O {[%clk
1:17:49]} 4...g6 {[%clk 1:31:21]} 5.c3 {[%clk 1:17:19]} 5...Bg7 {[%clk 1:31:40]}
6.d4 {[%clk 1:17:41]} 6...exd4 {[%clk 1:32:04]} 7.cxd4 {[%clk 1:18:09]} 7...a6
{[%clk 1:32:28]} 8.Ba4 {[%clk 1:10:38]} 8...b5 {[%clk 1:32:53]} 9.Bb3 {[%clk
1:07:20]} 9...d6 {[%clk 1:32:54]} 10.Be3 {[%clk 1:04:02]} 10...Na5 {[%clk
1:31:13]} 11.Nbd2 {[%clk 1:03:02]} 11...O-O {[%clk 1:31:16]} 12.Rc1 {[%clk
1:00:01]} 12...Bb7 {[%clk 1:21:01]} 13.Bc2 {[%clk 0:46:02]} 13...b4 {[%clk
0:43:58]} 14.Bd3 {[%clk 0:40:13]} 14...Qd7 {[%clk 0:36:07]} 15.Nb3 {[%clk
0:38:20]} 15...Nxb3 {[%clk 0:31:42]} 16.Qxb3 {[%clk 0:37:39]} 16...a5 {[%clk
0:31:43]} 17.d5 {[%clk 0:34:07]} 17...c6 {[%clk 0:28:28]} 18.dxc6 {[%clk
0:34:18]} 18...Bxc6 {[%clk 0:28:57]} 19.Qc2 {[%clk 0:34:03]} 19...Rfc8 {[%clk
0:25:54]} 20.Qe2 {[%clk 0:29:56]} 20...d5 {[%clk 0:24:05]} 21.e5 {[%clk
0:29:45]} 21...Bb7 {[%clk 0:22:04]} 22.Bc5 {[%clk 0:15:29]} 22...Nf5 {[%clk
0:15:29]} 23.h3 {[%clk 0:12:28]} 23...h5 {[%clk 0:12:24]} 24.Rfe1 {[%clk
0:11:35]} 24...Bh6 {[%clk 0:09:33]} 25.Rc2 {[%clk 0:10:24]} 25...Ng7 {[%clk
0:08:09]} 26.Nd4 {[%clk 0:08:12]} 26...Ne6 {[%clk 0:08:09]} 27.Bb5 {[%clk
0:08:08]} 27...Nxd4 {[%clk 0:03:29]} 28.Bxd7 {[%clk 0:08:36]} 28...Nxe2+ {[%clk
0:03:53]} 29.Rexe2 {[%clk 0:09:02]} 29...Rc7 {[%clk 0:01:50]} 30.e6 {[%clk
0:09:30]} 30...fxe6 {[%clk 0:02:11]} 31.Bxe6+ {[%clk 0:09:57]} 31...Kh7 {[%clk
0:02:34]} 32.Bd6 {[%clk 0:09:43]} 32...Rxc2 {[%clk 0:01:44]} 33.Rxc2 {[%clk
0:10:11]} 33...Ra6 {[%clk 0:01:48]} 34.Rc7+ {[%clk 0:10:16]} 34...Bg7 {[%clk
0:02:10]} 35.Bf8 {[%clk 0:10:32]} 1-0

[Event "Najdorf Memorial"]
[Site "Warsaw POL"]
[Date "2021.07.15"]
[Round "6.14"]
[White "Lewtak, Damian"]
[Black "Kokoszczynski, Jan"]
[Result "1/2-1/2"]
[WhiteElo "2380"]
[BlackElo "2219"]
[EventDate "2021.07.10"]
[PlyCount "50"]
[LiveChessVersion "1.4.8"]

1.d4 {[%clk 1:30:56]} 1...f5 {[%clk 1:30:53]} 2.Nf3 {[%clk 1:31:20]} 2...Nf6
{[%clk 1:31:13]} 3.g3 {[%clk 1:31:46]} 3...g6 {[%clk 1:31:39]} 4.Bg2 {[%clk
1:32:12]} 4...Bg7 {[%clk 1:32:03]} 5.O-O {[%clk 1:32:28]} 5...O-O {[%clk
1:32:10]} 6.Re1 {[%clk 1:32:55]} 6...d6 {[%clk 1:30:41]} 7.Nbd2 {[%clk 1:33:13]}
7...Nc6 {[%clk 1:23:30]} 8.c3 {[%clk 1:24:04]} 8...e5 {[%clk 1:20:12]} 9.dxe5
{[%clk 1:23:34]} 9...dxe5 {[%clk 1:04:31]} 10.e4 {[%clk 1:23:46]} 10...f4
{[%clk 0:58:30]} 11.Ng5 {[%clk 1:12:32]} 11...Qe7 {[%clk 0:56:45]} 12.Bh3
{[%clk 1:12:21]} 12...Bxh3 {[%clk 0:38:32]} 13.Nxh3 {[%clk 1:12:37]} 13...Nh5
{[%clk 0:34:09]} 14.Qb3+ {[%clk 1:07:41]} 14...Kh8 {[%clk 0:31:16]} 15.Qxb7
{[%clk 1:08:05]} 15...Qd7 {[%clk 0:21:49]} 16.Kg2 {[%clk 1:07:30]} 16...Rab8
{[%clk 0:14:23]} 17.Qa6 {[%clk 1:07:53]} 17...f3+ {[%clk 0:09:04]} 18.Nxf3
{[%clk 1:07:49]} 18...Rxf3 {[%clk 0:08:29]} 19.Kxf3 {[%clk 1:08:03]} 19...Qxh3
{[%clk 0:08:42]} 20.Qxc6 {[%clk 1:08:09]} 20...Qxh2 {[%clk 0:05:54]} 21.Be3
{[%clk 1:06:28]} 21...Nxg3 {[%clk 0:05:06]} 22.Bc5 {[%clk 1:00:50]} 22...Nh5
{[%clk 0:04:00]} 23.Be3 {[%clk 0:35:36]} 23...Ng3 {[%clk 0:03:07]} 24.Bc5
{[%clk 0:31:24]} 24...Nh5 {[%clk 0:03:32]} 25.Be3 {[%clk 0:31:48]} 25...Ng3
{[%clk 0:02:16]} 1/2-1/2

[Event "Najdorf Memorial"]
[Site "Warsaw POL"]
[Date "2021.07.15"]
[Round "6.15"]
[White "Rudzinska, Michalina"]
[Black "Suvorov, Alexander"]
[Result "0-1"]
[WhiteElo "2238"]
[BlackElo "2353"]
[EventDate "2021.07.10"]
[PlyCount "90"]
[LiveChessVersion "1.4.8"]

1.e4 {[%clk 1:30:57]} 1...c5 {[%clk 1:30:43]} 2.Nf3 {[%clk 1:31:08]} 2...e6
{[%clk 1:30:51]} 3.d4 {[%clk 1:31:28]} 3...cxd4 {[%clk 1:31:09]} 4.Nxd4 {[%clk
1:31:48]} 4...Nc6 {[%clk 1:31:26]} 5.Nxc6 {[%clk 1:32:09]} 5...bxc6 {[%clk
1:31:45]} 6.Bd3 {[%clk 1:32:30]} 6...Nf6 {[%clk 1:31:59]} 7.O-O {[%clk 1:32:48]}
7...d5 {[%clk 1:32:05]} 8.Nc3 {[%clk 1:32:59]} 8...Be7 {[%clk 1:31:34]} 9.Bf4
{[%clk 1:32:57]} 9...O-O {[%clk 1:31:29]} 10.Qf3 {[%clk 1:33:16]} 10...Qb6
{[%clk 1:31:12]} 11.b3 {[%clk 1:32:06]} 11...Ba6 {[%clk 1:27:17]} 12.Rad1
{[%clk 1:26:26]} 12...Bxd3 {[%clk 1:00:54]} 13.Rxd3 {[%clk 1:26:39]} 13...Qb4
{[%clk 0:57:35]} 14.e5 {[%clk 1:22:36]} 14...Nd7 {[%clk 0:53:38]} 15.Qg3 {[%clk
1:09:56]} 15...Kh8 {[%clk 0:49:42]} 16.Bg5 {[%clk 1:04:02]} 16...f6 {[%clk
0:42:17]} 17.exf6 {[%clk 1:03:09]} 17...gxf6 {[%clk 0:41:46]} 18.Bd2 {[%clk
1:02:31]} 18...Qd6 {[%clk 0:38:34]} 19.Qh3 {[%clk 0:58:50]} 19...f5 {[%clk
0:32:26]} 20.f4 {[%clk 0:51:22]} 20...Nc5 {[%clk 0:22:42]} 21.Rg3 {[%clk
0:47:58]} 21...Bf6 {[%clk 0:20:37]} 22.b4 {[%clk 0:39:47]} 22...Nd7 {[%clk
0:20:22]} 23.Ne2 {[%clk 0:37:54]} 23...c5 {[%clk 0:20:26]} 24.Rff3 {[%clk
0:26:39]} 24...cxb4 {[%clk 0:17:41]} 25.Qh5 {[%clk 0:25:28]} 25...Qe7 {[%clk
0:13:06]} 26.Rh3 {[%clk 0:24:03]} 26...a5 {[%clk 0:13:14]} 27.Be3 {[%clk
0:21:50]} 27...Rac8 {[%clk 0:11:40]} 28.Nd4 {[%clk 0:20:24]} 28...Nc5 {[%clk
0:11:03]} 29.Rfg3 {[%clk 0:19:35]} 29...Rg8 {[%clk 0:10:13]} 30.Rxg8+ {[%clk
0:14:00]} 30...Kxg8 {[%clk 0:10:37]} 31.Qe2 {[%clk 0:03:59]} 31...Qd7 {[%clk
0:07:25]} 32.Nf3 {[%clk 0:03:20]} 32...d4 {[%clk 0:04:49]} 33.Bf2 {[%clk
0:03:20]} 33...d3 {[%clk 0:03:44]} 34.cxd3 {[%clk 0:03:29]} 34...Nxd3 {[%clk
0:03:46]} 35.Be3 {[%clk 0:02:53]} 35...Nc1 {[%clk 0:03:03]} 36.Rg3+ {[%clk
0:01:15]} 36...Kh8 {[%clk 0:03:12]} 37.Qe1 {[%clk 0:00:33]} 37...Nxa2 {[%clk
0:03:13]} 38.h4 {[%clk 0:00:42]} 38...Nc3 {[%clk 0:03:15]} 39.Ne5 {[%clk
0:00:36]} 39...Bxe5 {[%clk 0:02:07]} 40.fxe5 {[%clk 0:31:01]} 40...Ne4 {[%clk
0:31:35]} 41.Bh6 {[%clk 0:24:05]} 41...Nxg3 {[%clk 0:28:58]} 42.Qxg3 {[%clk
0:23:58]} 42...Qd1+ {[%clk 0:28:07]} 43.Kh2 {[%clk 0:24:18]} 43...Qg4 {[%clk
0:28:18]} 44.Qf2 {[%clk 0:23:54]} 44...b3 {[%clk 0:27:27]} 45.Bg5 {[%clk
0:23:18]} 45...Rc2 {[%clk 0:27:38]} 0-1

[Event "Najdorf Memorial"]
[Site "Warsaw POL"]
[Date "2021.07.15"]
[Round "6.16"]
[White "Deszczynski, Adam"]
[Black "Chomczyk, Marek"]
[Result "1-0"]
[WhiteElo "2311"]
[BlackElo "2194"]
[EventDate "2021.07.10"]
[PlyCount "107"]
[LiveChessVersion "1.4.8"]

1.e4 {[%clk 1:30:31]} 1...c6 {[%clk 1:30:57]} 2.d4 {[%clk 1:28:14]} 2...d5
{[%clk 1:31:23]} 3.Nc3 {[%clk 1:26:01]} 3...dxe4 {[%clk 1:31:45]} 4.Nxe4 {[%clk
1:26:16]} 4...Nf6 {[%clk 1:32:08]} 5.Nxf6+ {[%clk 1:25:27]} 5...exf6 {[%clk
1:32:33]} 6.c3 {[%clk 1:23:10]} 6...Bd6 {[%clk 1:32:58]} 7.Bd3 {[%clk 1:21:49]}
7...O-O {[%clk 1:33:07]} 8.Qc2 {[%clk 1:18:47]} 8...Re8+ {[%clk 1:33:24]} 9.Ne2
{[%clk 1:18:36]} 9...h5 {[%clk 1:33:48]} 10.O-O {[%clk 1:10:02]} 10...h4 {[%clk
1:30:20]} 11.h3 {[%clk 1:02:43]} 11...Nd7 {[%clk 1:29:40]} 12.Be3 {[%clk
0:50:45]} 12...Nf8 {[%clk 1:26:50]} 13.Nf4 {[%clk 0:48:24]} 13...Bc7 {[%clk
1:25:28]} 14.Rfe1 {[%clk 0:43:47]} 14...Ne6 {[%clk 1:22:29]} 15.Nxe6 {[%clk
0:39:01]} 15...Bxe6 {[%clk 1:21:49]} 16.f4 {[%clk 0:38:47]} 16...b5 {[%clk
0:57:48]} 17.Re2 {[%clk 0:28:44]} 17...Qd6 {[%clk 0:52:36]} 18.Rae1 {[%clk
0:25:22]} 18...Re7 {[%clk 0:48:27]} 19.Bc1 {[%clk 0:22:41]} 19...Rae8 {[%clk
0:46:48]} 20.a3 {[%clk 0:20:45]} 20...g5 {[%clk 0:35:58]} 21.Qd1 {[%clk
0:12:11]} 21...Kg7 {[%clk 0:32:24]} 22.Kf1 {[%clk 0:10:29]} 22...Bd5 {[%clk
0:13:44]} 23.Rxe7 {[%clk 0:06:39]} 23...Rxe7 {[%clk 0:14:09]} 24.Rxe7 {[%clk
0:06:21]} 24...Qxe7 {[%clk 0:14:36]} 25.Qh5 {[%clk 0:05:58]} 25...Be4 {[%clk
0:14:57]} 26.Bxe4 {[%clk 0:05:26]} 26...Qxe4 {[%clk 0:15:24]} 27.fxg5 {[%clk
0:05:04]} 27...f5 {[%clk 0:15:50]} 28.g6 {[%clk 0:02:55]} 28...Qd3+ {[%clk
0:09:18]} 29.Kg1 {[%clk 0:02:53]} 29...Bh2+ {[%clk 0:09:45]} 30.Kh1 {[%clk
0:01:53]} 30...Qf1+ {[%clk 0:05:20]} 31.Kxh2 {[%clk 0:02:14]} 31...Qxc1 {[%clk
0:05:48]} 32.Qh7+ {[%clk 0:01:58]} 32...Kf6 {[%clk 0:06:13]} 33.Qxf7+ {[%clk
0:01:47]} 33...Kg5 {[%clk 0:06:40]} 34.Qc7 {[%clk 0:01:14]} 34...Kxg6 {[%clk
0:07:00]} 35.Qxc6+ {[%clk 0:01:28]} 35...Kg5 {[%clk 0:07:28]} 36.Qc7 {[%clk
0:01:05]} 36...Qxb2 {[%clk 0:07:52]} 37.d5 {[%clk 0:01:00]} 37...Qd2 {[%clk
0:08:17]} 38.Qg7+ {[%clk 0:00:51]} 38...Kh5 {[%clk 0:08:44]} 39.Qh7+ {[%clk
0:00:57]} 39...Kg5 {[%clk 0:09:07]} 40.Qe7+ {[%clk 0:30:54]} 40...Kg6 {[%clk
0:37:58]} 41.Qe6+ {[%clk 0:28:28]} 41...Kg5 {[%clk 0:38:23]} 42.Qe5 {[%clk
0:24:54]} 42...a5 {[%clk 0:38:28]} 43.d6 {[%clk 0:22:10]} 43...Kg6 {[%clk
0:37:11]} 44.Qe8+ {[%clk 0:14:55]} 44...Kg5 {[%clk 0:34:44]} 45.Qe7+ {[%clk
0:14:37]} 45...Kh5 {[%clk 0:34:43]} 46.d7 {[%clk 0:14:03]} 46...Qf4+ {[%clk
0:34:29]} 47.Kg1 {[%clk 0:14:23]} 47...Qc1+ {[%clk 0:34:42]} 48.Kf2 {[%clk
0:13:56]} 48...Qf4+ {[%clk 0:35:05]} 49.Ke2 {[%clk 0:14:00]} 49...Qc4+ {[%clk
0:35:29]} 50.Kd2 {[%clk 0:12:38]} 50...Qf4+ {[%clk 0:28:52]} 51.Qe3 {[%clk
0:12:22]} 51...Qd6+ {[%clk 0:28:39]} 52.Qd3 {[%clk 0:12:45]} 52...Qf4+ {[%clk
0:29:03]} 53.Kd1 {[%clk 0:13:02]} 53...Qa4+ {[%clk 0:29:26]} 54.Ke2 {[%clk
0:13:11]} 1-0